000 00652nam a2200241Ia 4500
003 OSt
005 20221005092919.0
006 a|||||r|||| 00| 0
007 ta
008 221004b |||||||| |||| 00| 0 eng d
024 _a69959
037 _cTextual
040 _aCRL
_cCRL
_beng
041 _2eng
_aeng
082 _aY:6, M1
100 _aGoldstein Howard
_9617917
245 0 _aSocial learning and change
_b A cognitive approach to human services
260 _aNew York
_bTavistock 1981
_c1981
300 _a498p.
_ccm.
650 _aSOCIOLOGY
942 _hY:6, M1
_cTEXL
_2cc
999 _c999564
_d999564